Statistiques concernant Nyan de Yo-kai Watch 3

Cliquez ici pour prendre le quiz!

Statistiques générales

  • Ce quiz a été pris 37 fois
    (14 depuis la dernière actualisation)
  • Le résultat moyen est 10 sur 28

Statistiques - réponses

TribuNom% Correct
BienveillanteOdyssényan
58%
CostaudChionyan
50%
MignonneChocobo-nyan
50%
MystérieuseMaginyan
50%
MignonneMog-nyan
50%
ExclusifsNyansès II
50%
AutresTerminyanator
50%
MignonneChimpanyan
42%
AutresDer. Nyanmuraï
42%
BienveillanteFaisanyan
42%
MignonneJibanyan B
42%
ExclusifsJibanyan T
42%
CostaudKintaronyan
42%
VaillantMomonyan
42%
CostaudSuperobonyan
42%
AutresRoi Jibanyan
33%
VaillantSire Nyancelot
33%
ExclusifsSupernyan
33%
MignonneSushinyan
33%
MignonneTomnyan
33%
AutresAs de nyan
25%
ExclusifsBastetnyan
25%
ExclusifsKoalanyan
25%
ExclusifsRobonyan Ultime
25%
MignonneRouminet
25%
MignonneWobblenyan
25%
MignonneJibanyan Liu Bei
17%
AutresOriginyan
17%

Distribution des résultats

Percentile par nombre de réponses

% des personnes avec chaque résultat

Votre développement - résultats

Vous n’avez pas pris ce quiz depuis la dernière actualisation